[Event "Velez Rapid op 10th"]
[Site "Velez Santander"]
[Date "2023.11.06"]
[Round "8"]
[White "Becerra, Carlos J"]
[Black "Olarte Parra, Jhoan Sebastian"]
[Result "0-1"]
[WhiteElo "1508"]
[BlackElo "2035"]
[PlyCount "52"]
[EventDate "2023.11.06"]
[EventType "swiss (rapid)"]
[EventRounds "10"]
[EventCountry "COL"]
[SourceTitle "Mega2024 Update 01"]
[Source "Chessbase"]
[SourceDate "2023.11.12"]
[SourceVersion "1"]
[SourceVersionDate "2023.11.12"]
[SourceQuality "1"]

1. e4 c5 2. d4 cxd4 3. c3 e5 4. Nf3 Nc6 5. Bc4 d6 6. 0-0 Be6 7. Bxe6 fxe6 8. cxd4 exd4 9. Nxd4 Qd7 10. Nc3 Nf6 11. Be3 Be7 12. Qb3 Nxd4 13. Bxd4 0-0 14. f4 Kh8 15. Rad1 Qc8 16. e5 dxe5 17. fxe5 Ng4 18. Ne4 Qc6 19. Nd6 Rxf1+ 20. Rxf1 Bxd6 21. exd6 Qxd6 22. Bxg7+ Kxg7 23. Qxb7+ Kh6 24. g3 Qd4+ 25. Kg2 Ne3+ 26. Kh3 Qg4# 0-1

[Event "Velez Rapid op 10th"]
[Site "Velez Santander"]
[Date "2023.11.06"]
[Round "2"]
[White "Becerra, Carlos J"]
[Black "Rueda Rojas, Richard Alejandro"]
[Result "0-1"]
[WhiteElo "1508"]
[BlackElo "1876"]
[PlyCount "73"]
[EventDate "2023.11.06"]
[EventType "swiss (rapid)"]
[EventRounds "10"]
[EventCountry "COL"]
[SourceTitle "Mega2024 Update 01"]
[Source "Chessbase"]
[SourceDate "2023.11.12"]
[SourceVersion "1"]
[SourceVersionDate "2023.11.12"]
[SourceQuality "1"]

1. e4 Nf6 2. e5 Nd5 3. d4 d6 4. c4 Nb6 5. exd6 cxd6 6. Nf3 g6 7. Nc3 Bg7 8. Be3 0-0 9. Be2 Nc6 10. 0-0 Bg4 11. h3 Bxf3 12. Bxf3 Nxc4 13. Qb3 Nb6 14. Rad1 Rc8 15. Rfe1 Kh8 16. a3 Qd7 17. Rd2 Na5 18. Qa2 Nac4 19. Rc2 Nxe3 20. fxe3 d5 21. Rce2 e6 22. Qb1 Nc4 23. Qd3 a6 24. e4 dxe4 25. Qxe4 Qxd4+ 26. Qxd4 Bxd4+ 27. Kh2 Nxb2 28. Ne4 Rfd8 29. Ng5 Kg7 30. Rf1 Rd7 31. Ne4 Nd3 32. Rb1 Nf4 33. Ree1 Be5 34. Kh1 Nd3 35. Red1 f5 36. Ng5 Nf2+ 37. Kg1 0-1

[Event "Velez op 10th"]
[Site "Velez Santander"]
[Date "2023.11.04"]
[Round "8"]
[White "Barbosa, Brayan Steven"]
[Black "Becerra, Carlos J"]
[Result "0-1"]
[WhiteElo "1334"]
[BlackElo "1508"]
[PlyCount "72"]
[EventDate "2023.11.01"]
[EventType "swiss"]
[EventRounds "10"]
[EventCountry "COL"]
[SourceTitle "Mega2024 Update 01"]
[Source "Chessbase"]
[SourceDate "2023.11.12"]
[SourceVersion "1"]
[SourceVersionDate "2023.11.12"]
[SourceQuality "1"]

1. e4 Nf6 2. Nc3 e5 3. Nf3 Nc6 4. d3 h6 5. g3 Bc5 6. Bg2 a6 7. 0-0 d6 8. a3 Bg4 9. Re1 Qd7 10. Be3 Nd4 11. Bxd4 Bxd4 12. h3 Bxc3 13. bxc3 Bxh3 14. Bxh3 Qxh3 15. Nh2 h5 16. Qf3 h4 17. Qg2 hxg3 18. Qxh3 gxf2+ 19. Kxf2 Rxh3 20. Rh1 0-0-0 21. Nf3 Rdh8 22. Rxh3 Rxh3 23. Kg2 Rh5 24. Re1 Kd7 25. d4 Ke6 26. d5+ Ke7 27. c4 g5 28. Rh1 Rxh1 29. Kxh1 Nxe4 30. Kg2 f5 31. c3 Kf6 32. a4 g4 33. Ne1 Kg5 34. Nd3 f4 35. Kf1 Nxc3 36. Kg2 f3+ 0-1

[Event "Velez op 10th"]
[Site "Velez Santander"]
[Date "2023.11.04"]
[Round "7"]
[White "Espinoza Pacheco, Aldrin Leo"]
[Black "Becerra, Carlos J"]
[Result "1-0"]
[WhiteElo "2039"]
[BlackElo "1508"]
[PlyCount "65"]
[EventDate "2023.11.01"]
[EventType "swiss"]
[EventRounds "10"]
[EventCountry "COL"]
[SourceTitle "Mega2024 Update 01"]
[Source "Chessbase"]
[SourceDate "2023.11.12"]
[SourceVersion "1"]
[SourceVersionDate "2023.11.12"]
[SourceQuality "1"]

1. d4 Nf6 2. c4 e5 3. dxe5 Ne4 4. Nf3 Bb4+ 5. Nbd2 Nc6 6. g3 Qe7 7. Bg2 0-0 8. 0-0 Nxd2 9. Bxd2 Bxd2 10. Qxd2 Nxe5 11. Nd4 d6 12. Rac1 c6 13. Rfd1 Rd8 14. h3 Be6 15. Qc3 Rac8 16. f4 Nxc4 17. Nxe6 fxe6 18. Qxc4 d5 19. Qc5 Qf6 20. Qd4 Qe7 21. e4 c5 22. Qd3 b6 23. exd5 exd5 24. Bxd5+ Kh8 25. Qf3 Qf6 26. Qf2 Rd6 27. Bf3 Rcd8 28. Rxd6 Rxd6 29. Rd1 Rxd1+ 30. Bxd1 Qd4 31. Qxd4 cxd4 32. Bb3 g6 33. Kf1 1-0